000 00284nam a22001337a 4500
008 170809b xxu||||| |||| 00| 0 eng d
020 _a785342710168
041 _aeng
080 _a004
100 _a35
101 _aSHKI
245 _aADOBE PHOTOSHOP 6.0
_cADOBE
942 _2udc
_cBK
999 _c23059
_d23059